[Event "Niedersachsen-ch op-A"]
[Site "Verden"]
[Date "2013.01.04"]
[Round "3"]
[White "Lange, Torsten"]
[Black "Belakhin, Alexander"]
[Result "1/2-1/2"]
[WhiteElo "2009"]
[BlackElo "1878"]
[PlyCount "59"]
[EventDate "2013.01.03"]
[EventType "swiss"]
[EventRounds "7"]
[EventCountry "GER"]
[SourceTitle "EXT 2014"]
[Source "ChessBase"]
[SourceDate "2013.11.20"]
[SourceVersion "1"]
[SourceVersionDate "2013.11.20"]
[SourceQuality "1"]

1. c4 d6 2. Nc3 e5 3. Nf3 f5 4. d4 e4 5. Ng5 c6 6. Nh3 Nf6 7. Bg5 Be7 8. e3 0-0 9. Nf4 Na6 10. Be2 Nc7 11. Qb3 Kh8 12. h4 b6 13. a4 Ne6 14. a5 bxa5 15. Qa4 Nxf4 16. Bxf4 Qb6 17. Ra2 Bd7 18. Qxa5 Qxa5 19. Rxa5 Rfb8 20. Ra2 Rb4 21. Kd2 Kg8 22. Kc2 Kf7 23. Rha1 Rb7 24. b4 Rxb4 25. Rxa7 Rxa7 26. Rxa7 Ke8 27. f3 Be6 28. fxe4 fxe4 29. Ra4 Rxa4 30. Nxa4 1/2-1/2

[Event "Niedersachsen-ch op-B"]
[Site "Verden"]
[Date "2012.01.03"]
[Round "4"]
[White "Belakhin, Alexander"]
[Black "Sawadkuhi, Massoud Amir"]
[Result "0-1"]
[WhiteElo "1878"]
[BlackElo "2143"]
[PlyCount "106"]
[EventDate "2012.01.02"]
[EventType "swiss"]
[EventRounds "7"]
[EventCountry "GER"]
[SourceTitle "EXT 2021"]
[Source "ChessBase"]
[SourceDate "2020.10.23"]
[SourceVersion "1"]
[SourceVersionDate "2020.10.23"]
[SourceQuality "1"]

1. Nf3 g6 2. g3 Bg7 3. Bg2 d6 4. 0-0 Nf6 5. c4 0-0 6. Nc3 c5 7. Rb1 Nc6 8. d3 Nh5 9. Bd2 f5 10. Nd5 e6 11. Nf4 Nf6 12. a3 a5 13. b3 Bd7 14. Ng5 Qe8 15. Bc3 h6 16. Bxf6 Rxf6 17. Ngxe6 Bxe6 18. Nxe6 Rxe6 19. Bd5 Kh7 20. Bxe6 Qxe6 21. e3 Rd8 22. Qf3 Rd7 23. Rfd1 g5 24. h3 Ne5 25. Qd5 Qxd5 26. cxd5 b5 27. Kf1 Ng6 28. Rdc1 Ne7 29. e4 Bd4 30. Ke2 Kg6 31. f3 h5 32. Rf1 f4 33. g4 Ng8 34. Rfc1 Ra7 35. a4 Rb7 36. Rh1 Nf6 37. Rhc1 Nd7 38. Rh1 bxa4 39. bxa4 Rb4 40. Rxb4 cxb4 41. Rc1 Nc5 42. Rc4 Nb3 43. Rc6 Bc5 44. Kd1 hxg4 45. hxg4 Kf6 46. Ra6 Ke5 47. Ra8 Bb6 48. Rb8 Be3 49. Ra8 Kd4 50. Kc2 Nd2 51. Rxa5 b3+ 52. Kb2 Kxd3 53. Rb5 Bd4+ 0-1

[Event "Niedersachsen-ch open"]
[Site "Verden"]
[Date "2010.01.03"]
[Round "1.3"]
[White "Renner, Kai"]
[Black "Belakhin, Alexander"]
[Result "1-0"]
[WhiteElo "2191"]
[BlackElo "1864"]
[PlyCount "51"]
[EventDate "2010.01.03"]
[EventType "swiss"]
[EventRounds "7"]
[EventCountry "GER"]
[SourceTitle "EXT 2012"]
[Source "ChessBase"]
[SourceDate "2011.11.24"]
[SourceVersion "1"]
[SourceVersionDate "2011.11.24"]
[SourceQuality "1"]

1. e4 Nf6 2. Nc3 d5 3. e5 Ne4 4. f4 Nxc3 5. dxc3 Bf5 6. Be3 e6 7. Qd2 Bg4 8. h3 Bh5 9. g4 Bg6 10. 0-0-0 h5 11. Bg2 hxg4 12. hxg4 Rxh1 13. Bxh1 c6 14. Qf2 Nd7 15. f5 exf5 16. gxf5 Bh5 17. Bf3 Bxf3 18. Nxf3 Qc7 19. Bf4 Qb6 20. Qh4 Qa6 21. e6 fxe6 22. Qh5+ Kd8 23. fxe6 Nf6 24. Qf7 Be7 25. Rh1 Ne8 26. Bg5 1-0